000 00530nam a2200193 a 4500
001 1770381888733
003 YourLibrary
005 20260206181647.0
008 260206s1992##################000#0#eng##
020 _a9780333569665
082 0 4 _a306.0947
_bRIO
100 1 _aRiordan, Jim,
_eauthor.
245 1 0 _aSoviet Social Reality in the Mirror of Glasnost :
260 _bPalgrave Macmillan,
_c1992.
300 _a194 pages
650 0 _aSports & Recreation.
942 _cENGLISH
040 _aYourLibrary
_beng
_cYourLibrary
999 _c610740
_d610740